Emma Stone or Emma Watson Quiz Stats

 Plays Quiz Updated Jun 25, 2019

Score 0/20 Timer 03:00
0 Plays Today
Question Answer Wrong Answers
Harry Potter and the Half-Blood Prince Emma Watson
95.9%
Emma Stone
1.6%
La La Land Emma Stone
93.9%
Emma Watson
3.4%
Beauty and the Beast Emma Watson
93.8%
Emma Stone
3.8%
The Amazing Spider-Man Emma Stone
93.1%
Emma Watson
4.3%
Birdman or (The Unexpected Virtue of Ignorance) Emma Stone
84.7%
Emma Watson
12.5%
Battle of the Sexes Emma Stone
81.7%
Emma Watson
15.4%
The Perks of Being a Wallflower Emma Watson
81.5%
Emma Stone
15.8%
Gangster Squad Emma Stone
81.1%
Emma Watson
15.9%
Aloha Emma Stone
80.7%
Emma Watson
16.4%
The Favourite Emma Stone
72.9%
Emma Watson
24.1%
Noah Emma Watson
70.9%
Emma Stone
26.2%
The Croods Emma Stone
70.8%
Emma Watson
26.2%
The Circle Emma Watson
68.4%
Emma Stone
28.5%
The Tale of Despereaux Emma Watson
66.3%
Emma Stone
30.7%
The Bling Ring Emma Watson
63.6%
Emma Stone
33.5%
Magic in the Moonlight Emma Stone
63.4%
Emma Watson
33.4%
Irrational Man Emma Stone
61.7%
Emma Watson
35.1%
This Is the End Emma Watson
58.8%
Emma Stone
38.3%
Colonia Emma Watson
58.7%
Emma Stone
38.1%
My Week with Marilyn Emma Watson
41.6%
Emma Stone
55.3%

You're not logged in!

Compare scores with friends on all Sporcle quizzes.
OR
Log In

Sporcle TV

Today on Sporcle TV


Watch our educational content, quiz creation guides, and fun videos on Sporcle TV.

Show Comments

Extras

Top Quizzes Today


Score Distribution

Your Account Isn't Verified!

In order to create a playlist on Sporcle, you need to verify the email address you used during registration. Go to your Sporcle Settings to finish the process.

Report this User

Report this user for behavior that violates our Community Guidelines.

Details: